[Event "Tch-AUT 2000-01"]
[Site "Graz AUT"]
[Date "2001.01.20"]
[Round "7"]
[White "Wells,P"]
[Black "Hertneck,G"]
[Result "1/2-1/2"]
[WhiteElo "2522"]
[BlackElo "2568"]

1.d4 Nf6 2.Nf3 e6 3.c4 Bb4+ 4.Nc3 d5 5.e3 O-O 6.Bd3 b6 7.O-O Bb7 8.cxd5 exd5
9.a3 Bd6 10.b4 Re8 11.Qb3 Nbd7 12.a4 c6 13.a5 b5 14.e4 Bxb4 15.Nxd5 cxd5
16.e5 Bxa5 17.Bxb5 Ne4 18.Bxd7 Qxd7 19.Rxa5 Reb8 20.Qa3 Bc6 21.Ng5 Bb5 22.Re1 Nxg5
23.Bxg5 a6 24.Qg3 Qf5 25.h4 Rb6 26.Ra3 Kh8 27.Rf3 Qd7 28.h5 h6 29.Bd2 Re8
30.Qf4 f6 31.Rfe3 Qf7 32.exf6 Rxf6 33.Rxe8+ Bxe8 34.Qb8 Re6 35.Rxe6 Qxe6
36.Bf4 Kh7 37.Qb1+ Qe4 38.Qxe4+ dxe4 39.Kf1 Bxh5 40.Ke1 g5 41.Bc7 Bf7 42.Ke2 h5
43.f3 exf3+ 44.Kxf3 Bd5+ 45.Kf2 Kg6 46.g3 Kf5 47.Ke3 Kg4 48.Kf2 h4 49.gxh4 gxh4
50.Ke3 h3 51.Kd2 Kf3 52.Kc3 Ke4 53.Be5 a5 54.Kb2 Kd3 55.Ka3 Bc6 56.Kb2 Kc4
57.Ka1 Kb3 58.d5 Bxd5  1/2-1/2

[Event "Trudova Ukraina"]
[Site "Kyiv UKR"]
[Date "2001.01.22"]
[Round "4"]
[White "Shishkin,V"]
[Black "Zontakh,A"]
[Result "1/2-1/2"]
[WhiteElo "2485"]
[BlackElo "2529"]

1.d4 Nf6 2.c4 e6 3.Nc3 Bb4 4.Nf3 c5 5.g3 cxd4 6.Nxd4 Ne4 7.Qd3 Qa5 8.Nb3 Nxc3
9.Bd2 Ne4 10.Qxe4 Bxd2+ 11.Nxd2  1/2-1/2

[Event "Trudova Ukraina"]
[Site "Kyiv UKR"]
[Date "2001.01.25"]
[Round "7"]
[White "Shishkin,V"]
[Black "Kruppa,Y"]
[Result "1/2-1/2"]
[WhiteElo "2485"]
[BlackElo "2572"]

1.d4 Nf6 2.c4 e6 3.Nc3 Bb4 4.Nf3 b6 5.Bg5 h6 6.Bh4 Nc6 7.Qd3 Ba6 8.a3 g5
9.Bg3 Bxc3+ 10.Qxc3 Ne4 11.Qc2 Nxg3 12.hxg3 Qf6 13.e3 Bb7 14.Bd3 Ne7 15.Be4 Bxe4
16.Qxe4 c6 17.Qe5 Qxe5 18.Nxe5  1/2-1/2

[Event "Bundesliga 2000-1"]
[Site "Tegel GER"]
[Date "2001.01.28"]
[Round "7"]
[White "Hellsten,J"]
[Black "Schaller,S"]
[Result "1-0"]
[WhiteElo "2470"]
[BlackElo "2334"]

1.d4 Nf6 2.Nf3 e6 3.c4 Bb4+ 4.Nc3 O-O 5.e3 d5 6.Bd3 c5 7.O-O Nc6 8.a3 Bxc3
9.bxc3 dxc4 10.Bxc4 cxd4 11.cxd4 b6 12.Re1 Bb7 13.Bd3 Rc8 14.Bb2 Na5 15.e4 h6
16.Ne5 Rc7 17.Re3 Nc6 18.Nxc6 Bxc6 19.a4 Re8 20.Qe2 Rd7 21.Bb5 Rc7 22.Bd3 Rd7
23.Bb5 Rc7 24.Rg3 Bxe4 25.Bxe8 Qxe8 26.Rc1 Rxc1+ 27.Bxc1 Qxa4 28.Ra3 Qc6
29.Bb2 a5 30.f3 Bd5 31.Rc3 Qd7 32.Qc2 g6 33.Rc7 Qd6 34.Qc3 Qb4 35.Qc1 b5
36.h4 Kg7 37.Bc3 Qa4 38.Kh2 Ne8 39.Ra7 b4 40.Bd2 Qc6 41.Bxh6+ Kg8 42.Qf4 Qd6
43.Rxa5 Qxf4+ 44.Bxf4 f6 45.Rb5 b3 46.Kh3 Ng7 47.g4 Bxf3 48.Rxb3 Bd5 49.Rb8+ Kf7
50.Kg3 Be4 51.Rc8 Bd5 52.Rc7+ Kg8 53.Re7 Kf8 54.Bd6 Kg8 55.Kf4 Bb3 56.Rb7 Bd5
57.Rb8+ Kh7 58.Be7 f5 59.Bf6 fxg4 60.Kxg4  1-0

[Event "TCh-FRA"]
[Site "Bischwiller FRA"]
[Date "2001.02.02"]
[Round "1"]
[White "Roos,C"]
[Black "Muller,A"]
[Result "0-1"]
[WhiteElo "2182"]
[BlackElo "2208"]

1.d4 Nf6 2.c4 e6 3.Nc3 Bb4 4.Nf3 c5 5.g3 Ne4 6.Qd3 cxd4 7.Nxd4 Bxc3+ 8.bxc3 Nc5
9.Qc2 a6 10.Bg2 Qc7 11.Ba3 d6 12.O-O O-O 13.Rfd1 Nbd7 14.Rab1 Ne5 15.Rb4 Bd7
16.Rdb1 Rab8 17.Qc1 Rfc8 18.Rb6 Nxc4 19.Bxc5 dxc5 20.Rxb7 Rxb7 21.Rxb7 Qd6
22.Nf3 Bc6 23.Rb1 Rd8 24.Qf4 Qxf4 25.gxf4 g6 26.Ne5 Nxe5 27.fxe5 Bxg2 28.Kxg2 Rd2
29.Rb8+ Kg7 30.Rc8 Rxe2 31.Rxc5 Rxa2 32.c4 a5 33.Kf3 a4 34.Ra5 a3 35.c5 Rc2
36.Rxa3 Rxc5 37.Ke4 Rc4+ 38.Kf3 Rh4 39.Kg3 g5 40.f3 h5 41.Ra7 Kg6 42.Ra8 Rf4
43.Rg8+ Kf5 44.Rg7 h4+ 45.Kg2 Kxe5 46.Rxg5+ f5 47.Rg8 Ra4 48.Rh8 Ra2+ 49.Kh3 Kf4
50.Rxh4+ Kxf3 51.Rb4 e5 52.Rb3+ Kf4 53.Rb1 Rf2 54.Ra1 e4 55.Ra4 Kf3 56.Ra5 f4
57.Ra4 e3 58.Ra3 Rd2 59.Rb3 Kf2  0-1

[Event "Belgian Interteams 2000-1"]
[Site "BEL"]
[Date "2001.02.04"]
[Round "8"]
[White "Krijgelmans,J"]
[Black "Thoeng,P"]
[Result "0-1"]
[WhiteElo "2193"]
[BlackElo "2255"]

1.d4 Nf6 2.c4 e6 3.Nc3 Bb4 4.Nf3 c5 5.e3 O-O 6.Bd3 d5 7.O-O dxc4 8.Bxc4 Bd7
9.Qe2 Bc6 10.a3 Ba5 11.Rd1 Qe7 12.Bd2 Bb6 13.dxc5 Qxc5 14.e4 Ng4 15.Be1 Ne5
16.Ba2 Ng6 17.Nd4 Qe5 18.Nxc6 Nxc6 19.Qg4 Qf6 20.Qg3 h5 21.Qf3 Qxf3 22.gxf3 Nce5
23.Na4 Nxf3+ 24.Kf1 Nxh2+ 25.Kg2 Ng4 26.Nxb6 axb6 27.Rd6 Ra6 28.Bc3 Rc8 29.Rd7 Ra7
30.Rad1 N6e5 31.Rd8+ Rxd8 32.Rxd8+ Kh7 33.Rd6 Ra6 34.Bd2 b5 35.Rd8 b4 36.Bxb4 Nc6  0-1

[Event "TCh-FIN 00-01"]
[Site "FIN"]
[Date "2001.02.10"]
[Round "7"]
[White "Tella,J"]
[Black "Haapasalo,JP"]
[Result "1/2-1/2"]
[WhiteElo "2418"]
[BlackElo "2165"]

1.d4 Nf6 2.c4 e6 3.Nc3 Bb4 4.Nf3 c5 5.e3 Nc6 6.Bd3 Bxc3+ 7.bxc3 d6 8.O-O e5
9.Nd2 O-O 10.Ne4 Bf5 11.Ng3 Bxd3 12.Qxd3 Re8 13.f3 Qb6 14.Nf5 Ne7 15.Nxe7+ Rxe7
16.e4 Nd7 17.Be3 Qa6 18.Rfb1 Rc8 19.Rb5 exd4 20.cxd4 cxd4 21.Bxd4 Ne5 22.Qb3 Rxc4
23.Bxe5 Rxe5 24.Rxb7 Rec5 25.Rb8+ Rc8 26.Rd1 h6 27.h3 Kh7 28.Rxc8 Qxc8 29.Qd3 Qc5+
30.Kh1 Rc2 31.e5+ Kg8 32.exd6 Qf2 33.Rg1 Rd2 34.Qe4 Rxd6 35.Qe8+ Kh7 36.Qxf7 Rf6
37.Qd5 Qc2 38.Re1 Rg6 39.f4 Qf2 40.Qe4 Qxa2 41.Re2 Qa6 42.Kh2 Qc6 43.Qf5 Qf6
44.Qe4 Qc6 45.Qf5 Qf6 46.Qe4  1/2-1/2

[Event "TCh-SVK"]
[Site "SVK"]
[Date "2001.02.11"]
[Round "9"]
[White "Veselsky,J"]
[Black "Petrik,S"]
[Result "1-0"]
[WhiteElo "2204"]
[BlackElo "2277"]

1.d4 Nf6 2.Nf3 e6 3.c4 Bb4+ 4.Nc3 c5 5.Qc2 cxd4 6.Nxd4 Qb6 7.e3 Nc6 8.a3 Bxc3+
9.Qxc3 Ne4 10.Qd3 f5 11.Nb5 O-O 12.Be2 a6 13.Nc3 Nc5 14.Qc2 Nb3 15.Rb1 Nca5
16.O-O Qc7 17.Rd1 b6 18.Qd3 Rb8 19.Bd2 Bb7 20.Be1 Rbd8 21.Qd6 Qxd6 22.Rxd6 Bc6
23.f3 h6 24.Na2 Nb7 25.Rdd1 a5 26.Nc3 Kf7 27.Bf2 N7c5 28.Bg3 Rg8 29.Bc7 Ra8
30.Bxb6 Nb7 31.Bc7 Ke7 32.Nb5 Rgc8 33.Bd6+ Nxd6 34.Nxd6 Rcb8 35.Nb5 Bxb5
36.cxb5 a4 37.Rd3 Rc8 38.Rc3 Rab8 39.Bc4 Rxc4 40.Rxc4 Nd2 41.Rbc1 Nxc4 42.Rxc4 Rxb5
43.Rxa4 Rxb2 44.Kf1 Ra2 45.h4 g5 46.hxg5 hxg5 47.Ra8 Kf6 48.a4 Ke5 49.Rg8 Kf6
50.Rf8+ Kg7 51.Ra8 d5 52.a5 f4 53.exf4 gxf4 54.a6 Kf6 55.a7 Ke5 56.Ke1 Kd4
57.Re8 Rxa7 58.Rxe6 Kc3 59.Rc6+ Kd3 60.Rf6 Ra1+ 61.Kf2 Ra2+ 62.Kf1 Ra4 63.Rf5 d4
64.Rxf4 Kc3 65.Rf8 Rc4 66.Ke2 Kc2 67.Rd8 Kc3 68.f4 Rc7 69.f5 Re7+ 70.Kf3 d3
71.g4 d2 72.f6 Re8 73.Rd7 Re1 74.g5 d1=Q+ 75.Rxd1 Rxd1 76.Ke4 Re1+ 77.Kf5 Kd4
78.g6 Re5+ 79.Kg4 Re4+ 80.Kg5 Re5+ 81.Kh6 Rf5 82.f7 Rf6 83.Kg7 Ke5 84.f8=Q Rxf8
85.Kxf8 Kf6 86.g7  1-0

[Event "8th Metalis Open"]
[Site "Bizovac CRO"]
[Date "2001.02.24"]
[Round "5"]
[White "Cebalo,M"]
[Black "Leventic,I"]
[Result "1/2-1/2"]
[WhiteElo "2473"]
[BlackElo "2400"]

1.d4 Nf6 2.c4 e6 3.Nf3 Bb4+ 4.Nc3 c5 5.g3 d5 6.dxc5 O-O 7.Bg2 dxc4 8.O-O Qa5
9.Qd4 Nc6 10.Qxc4 Qxc5 11.Qxc5 Bxc5 12.Bf4 Re8 13.Ne5 Nd5 14.Nxc6 bxc6 15.Rac1 Bb6
16.Rfd1 Ba6 17.Bf1 Rad8 18.Bd2 Nxc3 19.Bxc3 f6 20.Rxd8 Rxd8 21.Bb4 Rc8 22.e3 Bxf1
23.Kxf1 Kf7 24.Rc4 e5 25.Ke2 Ke6 26.b3 h5 27.h3 g6  1/2-1/2

[Event "Open"]
[Site "Cappelle la Grande FRA"]
[Date "2001.03.01"]
[Round "7"]
[White "Li Shilong"]
[Black "Liang Chong"]
[Result "1/2-1/2"]
[WhiteElo "2474"]
[BlackElo "2581"]

1.d4 Nf6 2.c4 e6 3.Nf3 Bb4+ 4.Nc3 O-O 5.Qc2 b6 6.e4 Bb7 7.Bd3 h6 8.Bd2 d5
9.cxd5 exd5 10.e5 Bxc3 11.bxc3 Ne4 12.O-O c5 13.Be3 Nd7 14.Nd2 cxd4 15.cxd4 Rc8
16.Qb1 f5 17.exf6 Ndxf6 18.f3 Nxd2 19.Bxd2 Nd7 20.Bb5 Rf7 21.Qd3 Bc6 22.Ba6 Rb8
23.Rac1 Qf6 24.Bf4 Qxf4 25.Rxc6 Nf8 26.g3 Qg5 27.Re1 Re7 28.Rf1 Rbe8 29.f4 Qh5
30.Qf3 Qxf3 31.Rxf3 Re4 32.Rd6 Rxd4 33.Rxd5 Rxd5 34.Bc4 Rd8 35.Rd3 Kf7 36.Rxd5 Rxd5
37.Bxd5+ Kf6 38.h4 g5 39.hxg5+ hxg5 40.fxg5+ Kxg5 41.Kf2  1/2-1/2

[Event "Tch-NED"]
[Site "NED"]
[Date "2001.03.04"]
[Round "6"]
[White "Gustafsson,J"]
[Black "Tjiam,D"]
[Result "1/2-1/2"]
[WhiteElo "2535"]
[BlackElo "2351"]

1.d4 Nf6 2.c4 e6 3.Nc3 Bb4 4.Nf3 c5 5.g3 cxd4 6.Nxd4 O-O 7.Bg2 d5 8.cxd5 Nxd5
9.Qb3 Qb6 10.Bxd5 exd5 11.Be3 Qa5 12.O-O Bxc3 13.bxc3 Nc6 14.Rfd1 h6 15.a4 Rd8
16.Bf4 Nxd4 17.Rxd4 Be6 18.Qb4 Qa6 19.Qb5 Qxb5 20.axb5 Rdc8 21.Ra3 Rc5  1/2-1/2

[Event "56th ch-YUG"]
[Site "Herceg Novi YUG"]
[Date "2001.03.23"]
[Round "1"]
[White "Ostojic,N"]
[Black "Damljanovic,B"]
[Result "1-0"]
[WhiteElo "2451"]
[BlackElo "2561"]

1.d4 Nf6 2.c4 e6 3.Nc3 Bb4 4.Nf3 c5 5.g3 Nc6 6.Bg2 O-O 7.O-O d6 8.d5 Ne7
9.Ne1 Bxc3 10.bxc3 e5 11.e4 Nd7 12.Nd3 Qa5 13.Qb3 Nb6 14.Nb2 Bd7 15.a4 f5
16.exf5 Bxf5 17.Bd2 Nd7 18.Rae1 Qc7 19.f3 Ng6 20.g4 Nh4 21.gxf5 Rxf5 22.Re4 Nxg2
23.Kxg2 Raf8 24.Qc2 R8f7 25.Nd1 Nf8 26.Rg4 Qd7 27.Rg5 Ng6 28.Rxf5 Rxf5 29.Qe4 Qf7
30.Kh1 Qf6 31.Qg4 h5 32.Qh3 Nh4 33.Ne3 Rxf3 34.Qe6+ Kh7 35.Qxf6 Rxf6 36.Be1 Nf3
37.Kg2 e4 38.h4 Kg6 39.Bg3 b6 40.Be1 Kf7 41.Nd1 Ke7 42.Bg3 Rg6 43.Kh3 Rf6
44.Ne3 Kd7 45.Kg2 g6 46.Rb1 Kc7 47.Rb2 Rf7 48.Re2 g5 49.hxg5 Nxg5 50.Nd1 Rg7
51.Nf2 h4 52.Bxh4 Ne6+ 53.Kf1  1-0

[Event "TCh-ROM"]
[Site "Sovata ROM"]
[Date "2001.03.23"]
[Round "3"]
[White "Florean,A"]
[Black "Ambrus,E"]
[Result "0-1"]
[WhiteElo "2436"]
[BlackElo "2376"]

1.d4 Nf6 2.c4 e6 3.Nc3 Bb4 4.Nf3 b6 5.Bg5 h6 6.Bh4 Bb7 7.e3 c5 8.Rc1 d6 9.a3 Bxc3+
10.Rxc3 g5 11.Bg3 Ne4 12.Rc2 Nd7 13.Nd2 Nxg3 14.hxg3 Qf6 15.Nf3 h5 16.d5 O-O-O
17.Rd2 h4 18.g4 Ne5 19.Nxe5 Qxe5 20.Be2 Qe4 21.Rh2 Kc7 22.b3 exd5 23.cxd5 Qe5
24.Rh3 Bc8 25.Kf1 f5 26.Kg1 fxg4 27.Bxg4 Bxg4 28.Qxg4 Qa1+ 29.Rd1 Qxa3 30.e4 Qb2
31.Qxg5 Rd7 32.Rxh4 Rxh4 33.Qxh4 Qxb3 34.Ra1 a5 35.Qh8 Kb7 36.Qe8 Rc7 37.e5 Qxd5
38.exd6 Rg7 39.g3 Rh7  0-1

[Event "Tch-NED"]
[Site "NED"]
[Date "2001.03.25"]
[Round "8"]
[White "Barsov,A"]
[Black "Dinstuhl,V"]
[Result "1-0"]
[WhiteElo "2500"]
[BlackElo "2412"]

1.d4 Nf6 2.c4 e6 3.Nc3 Bb4 4.Nf3 c5 5.g3 b6 6.dxc5 Bxc5 7.Bg2 Bb7 8.O-O O-O
9.Bf4 Nc6 10.Qa4 Nh5 11.Rad1 Nxf4 12.gxf4 Qc7 13.e3 a6 14.Rd2 Rfd8 15.Rfd1 Bb4
16.Ng5 Bxc3 17.bxc3 h6 18.Ne4 b5 19.cxb5 axb5 20.Qxb5 d5 21.Nc5 Rdb8 22.Nxb7 Rxb7
23.Qe2 Ra4 24.f5 Ne5 25.fxe6 fxe6 26.e4 dxe4 27.Rd8+ Kf7 28.Bxe4 Rb8 29.R8d4 Rxd4
30.cxd4 Nd7 31.d5 exd5 32.Bxd5+ Kf8 33.Qe6 Nf6 34.Bb3 Re8 35.Qd6+ Qxd6 36.Rxd6 Re1+
37.Kg2 Re2 38.Ra6 Nd7 39.Re6 Rb2 40.Rc6 Ne5 41.Rc2 Rb1 42.Rc5 Nd3 43.Rf5+ Ke8
44.Bc4 Ne1+ 45.Kg3 Rb4 46.Rf4 Kd8 47.Bb3 Rb5 48.Rf8+  1-0

[Event "56th ch-YUG"]
[Site "Herceg Novi YUG"]
[Date "2001.03.31"]
[Round "8"]
[White "Ostojic,N"]
[Black "Gligoric,S"]
[Result "1-0"]
[WhiteElo "2451"]
[BlackElo "2481"]

1.d4 Nf6 2.c4 e6 3.Nc3 Bb4 4.Nf3 c5 5.g3 cxd4 6.Nxd4 O-O 7.Bg2 d5 8.cxd5 Nxd5
9.Qb3 Nc6 10.Nxc6 bxc6 11.O-O Qa5 12.Bd2 Bxc3 13.bxc3 Ba6 14.Rfd1 Qc5 15.e4 Bc4
16.Qa4 Nb6 17.Qb4 Qxb4 18.cxb4 Rfd8 19.Be3 e5 20.f4 f6 21.Rxd8+ Rxd8 22.a4 Ba6
23.a5 Nc8 24.fxe5 fxe5 25.Bh3 Kf7 26.Rc1 Bb5 27.Bf1 Nd6 28.Bxb5 cxb5 29.Rc7+ Kg6
30.Bxa7 Nxe4 31.a6 Rd3 32.Bb6 Rd2 33.Rxg7+ Kxg7 34.a7 Ra2 35.Ba5  1-0

[Event "TCh-CHN Men"]
[Site "Suzhou, Jiangsu CHN"]
[Date "2001.04.03"]
[Round "8"]
[White "Lin Weiguo"]
[Black "Liang Chong"]
[Result "0-1"]
[WhiteElo "2469"]
[BlackElo "2581"]

1.d4 Nf6 2.c4 e6 3.Nc3 Bb4 4.Nf3 b6 5.e3 Bb7 6.Bd3 O-O 7.O-O Bxc3 8.bxc3 Ne4
9.Qc2 f5 10.a4 Rf6 11.Nd2 Rh6 12.f3 Qh4 13.fxe4 Qxh2+ 14.Kf2 Rg6 15.Rg1 fxe4
16.Bxe4 Rf6+ 17.Ke2 Qxg1 18.Bxb7 Nc6 19.Qe4 Raf8 20.Kd3 Rf2 21.Bb2 Rxd2+
22.Kxd2 Qf2+ 23.Kd3 Qxb2 24.Rh1 h6  0-1

[Event "56th ch-YUG"]
[Site "Herceg Novi YUG"]
[Date "2001.04.05"]
[Round "12"]
[White "Ostojic,N"]
[Black "Kovacevic,A"]
[Result "1/2-1/2"]
[WhiteElo "2451"]
[BlackElo "2521"]

1.d4 Nf6 2.c4 e6 3.Nc3 Bb4 4.Nf3 c5 5.g3 cxd4 6.Nxd4 O-O 7.Bg2 d5 8.cxd5 Nxd5
9.Qb3 Qb6 10.Bxd5 exd5 11.Be3 Bxc3+ 12.Qxc3 Qg6 13.h4 Qe4 14.f3 Qe7  1/2-1/2

[Event "Spring Festival"]
[Site "Bucharest ROM"]
[Date "2001.04.10"]
[Round "5"]
[White "Istratescu,A"]
[Black "Jovanovic,Nen"]
[Result "1-0"]
[WhiteElo "2582"]
[BlackElo "2351"]

1.c4 e6 2.d4 Nf6 3.Nc3 Bb4 4.Nf3 Nc6 5.Qc2 d6 6.a3 Bxc3+ 7.Qxc3 a5 8.Bg5 h6
9.Bh4 g5 10.Bg3 Ne4 11.Qd3 Nxg3 12.hxg3 Qf6 13.e3 a4 14.Nd2 e5 15.d5 Nb8
16.c5 dxc5 17.Ne4 Qg6 18.Nxc5 Qxd3 19.Nxd3 f6 20.Rc1 c6 21.Nb4 Bd7 22.dxc6 bxc6
23.Bd3 Kf7 24.Rc5 Kg7 25.Ke2 Re8 26.f3 Ra7 27.g4 Re7 28.Rhc1 Be8 29.R1c2 h5
30.gxh5 Bxh5 31.Be4 Bg6 32.Bxg6 Kxg6 33.R5c4 Ra5 34.Rxc6 e4 35.Rd6 exf3+
36.gxf3 Rb5 37.Rc8 Reb7 38.Rcd8 Rh7 39.Kd3 Rbb7 40.Rg8+ Kf7 41.Rdd8 Nd7 42.Rh8 Rg7
43.Ke2 g4 44.fxg4 Rxg4 45.Rh7+ Ke6 46.Nd3 Rg5 47.Ra8 Rb3 48.Ra6+ Rb6 49.Nf4+ Kf5
50.Rxb6 Nxb6 51.Rb7 Nc4 52.Rb4 Ne5 53.Rxa4 Rg1 54.Nd3 Rb1  1-0

[Event "Osteropen"]
[Site "Essen-Borbeck GER"]
[Date "2001.04.12"]
[Round "2"]
[White "Curic,D"]
[Black "Rosskothen,A"]
[Result "1-0"]
[WhiteElo "2218"]
[BlackElo "2248"]

1.d4 Nf6 2.c4 e6 3.Nc3 Bb4 4.Nf3 c5 5.g3 cxd4 6.Nxd4 Nc6 7.Bg2 O-O 8.O-O a6
9.e4 Qc7 10.Bg5 Be7 11.Rc1 d6 12.Be3 Ne5 13.b3 Re8 14.h3 Bf8 15.f4 Ned7 16.g4 h6
17.h4 e5 18.Nf5 exf4 19.Bxf4 Ne5 20.Nd5 Nxd5 21.cxd5 Qd8 22.g5 g6 23.Nxh6+ Bxh6
24.gxh6 Qxh4 25.Rc3 Bg4 26.Qd2 Rac8 27.Bg5 Qh5 28.Rg3 Be2 29.Rh3  1-0

[Event "Redbus KO"]
[Site "Southend ENG"]
[Date "2001.04.13"]
[Round "1.1"]
[White "Wells,P"]
[Black "Davies,N"]
[Result "1/2-1/2"]
[WhiteElo "2522"]
[BlackElo "2469"]

1.d4 Nf6 2.c4 e6 3.Nc3 Bb4 4.Nf3 b6 5.Bg5 Bb7 6.e3 h6 7.Bh4 Bxc3+ 8.bxc3 d6
9.Nd2 g5 10.Bg3 Qe7 11.a4 a5 12.h4 Rg8 13.hxg5 hxg5 14.Qb3 Nc6 15.Be2 O-O-O
16.O-O-O Nb8 17.Rh2 Rh8 18.Rdh1 Rxh2 19.Rxh2 Rg8 20.Kb2 Bc6 21.Bf3 Qe8 22.Bxc6 Qxc6
23.Qb5 Qxb5+ 24.cxb5 Nbd7 25.Kc2  1/2-1/2

[Event "Classics GM"]
[Site "Gausdal NOR"]
[Date "2001.04.15"]
[Round "1"]
[White "Elsness,F"]
[Black "Hansen,TR"]
[Result "1-0"]
[WhiteElo "2412"]
[BlackElo "2209"]

1.d4 Nf6 2.c4 e6 3.Nc3 Bb4 4.Nf3 c5 5.e3 Bxc3+ 6.bxc3 d6 7.Bd3 Nc6 8.O-O e5
9.Nd2 Qe7 10.d5 Nb8 11.Qc2 Nbd7 12.f4 Kd8 13.f5 Kc7 14.e4 Nb6 15.Nf3 Bd7
16.Bg5 Ba4 17.Qe2 h6 18.Bd2 Rag8 19.h3 g5 20.fxg6 fxg6 21.Nh4 Be8 22.g3 Nh5
23.Kh2 Ng7 24.Rf2 g5 25.Ng2 Bh5 26.Qe3 Qd7 27.Qe1 Rf8 28.Qg1 Bf3 29.Ne3 g4
30.hxg4 Bxg4 31.Raf1 Rxf2+ 32.Qxf2 Bh5 33.Qf6 Rh7 34.Qh4 Be8 35.Ng4 Qa4 36.Qe7+ Bd7
37.Nf6 Qxa2 38.Rf2 Nh5 39.Ne8+ Kc8 40.Nxd6+  1-0

[Event "GM"]
[Site "Hampstead ENG"]
[Date "2001.04.19"]
[Round "4"]
[White "Barsov,A"]
[Black "Plaskett,J"]
[Result "1/2-1/2"]
[WhiteElo "2519"]
[BlackElo "2461"]

1.d4 Nf6 2.c4 e6 3.Nc3 Bb4 4.Nf3 b6 5.Qb3 c5 6.Bg5 Bb7 7.e3 h6 8.Bh4 O-O
9.O-O-O cxd4 10.Qxb4 Na6 11.Qa3 dxc3 12.Qxc3 Nc5 13.Be2 Rc8 14.Kb1 d5 15.Bxf6 Qxf6
16.Qxf6 gxf6 17.cxd5 Bxd5 18.Nd2 Rfd8 19.f3 f5 20.b3 Kf8 21.Kb2 Ke7 22.Nb1 Bc6
23.Nc3 Rxd1  1/2-1/2

[Event "GM"]
[Site "Hampstead ENG"]
[Date "2001.04.20"]
[Round "6"]
[White "Barsov,A"]
[Black "Crouch,C"]
[Result "1/2-1/2"]
[WhiteElo "2519"]
[BlackElo "2403"]

1.d4 Nf6 2.c4 e6 3.Nc3 Bb4 4.Nf3 Nc6 5.Qc2 O-O 6.e4 d5 7.e5 Ne4 8.Bd3 f5
9.exf6 Nxf6 10.Be3 Bd6 11.a3 dxc4 12.Bxc4 Qe7 13.O-O-O a6 14.Ba2 Bd7 15.Ng5 Nd8
16.Nce4 Be8 17.Nc5 Bg6 18.Qb3 Bxc5 19.dxc5  1/2-1/2

[Event "Golden Cleopatra Open"]
[Site "Cairo EGY"]
[Date "2001.05.09"]
[Round "8"]
[White "Barsov,A"]
[Black "Medvegy,Z"]
[Result "1/2-1/2"]
[WhiteElo "2519"]
[BlackElo "2444"]

1.d4 Nf6 2.c4 e6 3.Nc3 Bb4 4.Nf3 c5 5.g3 cxd4 6.Nxd4 Ne4 7.Qd3 Bxc3+ 8.bxc3 Nc5
9.Qf3 d6 10.Bg2 Nbd7 11.O-O Ne5 12.Qf4 Bd7 13.Nb5 Bxb5 14.cxb5 O-O 15.Be3 Rc8
16.Rfd1 Qe7 17.Qd4 Rfd8 18.h3 a6 19.f4 Ng6 20.Rab1 e5 21.fxe5 Nxe5 22.bxa6 bxa6
23.Bf2 Qc7 24.Bd5  1/2-1/2

[Event "6th Stuttgart Open"]
[Site "Ditzingen GER"]
[Date "2001.05.27"]
[Round "7"]
[White "Duppel,M"]
[Black "Zeller,F"]
[Result "1/2-1/2"]
[WhiteElo "2455"]
[BlackElo "2433"]

1.d4 Nf6 2.c4 e6 3.Nc3 Bb4 4.Nf3 b6 5.Qb3 c5 6.Bg5 Bb7 7.O-O-O Bxc3 8.bxc3 Qc7
9.d5 d6 10.Bxf6 gxf6 11.e4 Nd7 12.g3 O-O-O 13.Bh3 Rhe8 14.Nd2 Kb8 15.f4 Re7
16.Rhf1 Rde8 17.Rf2 h6 18.Nf3 Nf8 19.Qc2 exd5 20.exd5 Re4 21.Bf5 Re3 22.Nh4 Ba6
23.Bd3 Bc8 24.Bf5 Ba6 25.Bd3 Bc8 26.Bf5  1/2-1/2

[Event "6th Leg Russian Cup"]
[Site "Tomsk RUS"]
[Date "2001.07.03"]
[Round "4"]
[White "Vaulin,A"]
[Black "Ovetchkin,R"]
[Result "1/2-1/2"]
[WhiteElo "2540"]
[BlackElo "2497"]

1.d4 Nf6 2.c4 e6 3.Nc3 Bb4 4.Nf3 c5 5.g3 cxd4 6.Nxd4 O-O 7.Bg2 d5 8.cxd5 Nxd5
9.Qb3 Qb6 10.Bxd5 exd5 11.Be3 Qa5 12.O-O Bxc3 13.Qxc3 Qxc3 14.bxc3 Nc6 15.Rfb1 Nxd4
16.Bxd4 b6 17.f3 Re8 18.Kf2 Ba6 19.Rb2 Bc4 20.a4 Re7 21.g4 h6 22.h4 Rc8 23.Re1  1/2-1/2

[Event "Open"]
[Site "Andorra AND"]
[Date "2001.07.06"]
[Round "7"]
[White "Jimenez Villena,F"]
[Black "Pogorelov,R"]
[Result "0-1"]
[WhiteElo "2230"]
[BlackElo "2399"]

1.d4 Nf6 2.c4 e6 3.Nc3 Bb4 4.Nf3 c5 5.a3 Bxc3+ 6.bxc3 Nc6 7.e3 O-O 8.Bd3 d6
9.O-O e5 10.Nd2 cxd4 11.cxd4 exd4 12.Bb2 dxe3 13.Ne4 Nxe4 14.Bxe4 Re8 15.Bxh7+ Kxh7
16.Qh5+ Kg8 17.fxe3 Qe7 18.Rf3 Ne5 19.Rg3 Bg4 20.Rxg4 Nxg4 21.Qxg4 Qxe3+
22.Kf1 Qd3+ 23.Kg1 Qg6 24.Qxg6 fxg6 25.Rd1 Re2 26.Bc3 Rc8 27.Rxd6 Rxc4 28.Rd8+ Kh7
29.Rd3 Ra2  0-1

[Event "Milan Vidmar Mem"]
[Site "Portoroz SLO"]
[Date "2001.07.06"]
[Round "4"]
[White "Gelfand,B"]
[Black "Beliavsky,A"]
[Result "1/2-1/2"]
[WhiteElo "2704"]
[BlackElo "2659"]

1.d4 Nf6 2.c4 e6 3.Nc3 Bb4 4.Nf3 b6 5.Bg5 Bxc3+ 6.bxc3 Bb7 7.Nd2 h6 8.Bh4 g5
9.Bg3 d6 10.f3 Nbd7 11.e4 Qe7 12.Qa4 Kf8 13.O-O-O Kg7 14.h4 Nh5 15.Bf2 c5
16.hxg5 hxg5 17.Nb3 e5 18.Na1 Ndf6 19.Nc2 Qe8 20.Qa3 Nf4 21.Rxh8 Qxh8 22.Ne3 Bc8
23.dxe5 dxe5 24.Qa4 Be6 25.Qc6 Rd8 26.Qc7 Rxd1+ 27.Kxd1 Nd7 28.Kd2 Qh1 29.Qd8 Nf6
30.Qc7 Nd7 31.Qd8 Nf6 32.Qc7  1/2-1/2

[Event "Aegean Open"]
[Site "Ikaros GRE"]
[Date "2001.07.07"]
[Round "1"]
[White "Barsov,A"]
[Black "Nieminen,K"]
[Result "1-0"]
[WhiteElo "2495"]
[BlackElo "2178"]

1.d4 Nf6 2.c4 e6 3.Nc3 Bb4 4.Nf3 c5 5.g3 O-O 6.Bg2 cxd4 7.Nxd4 d5 8.cxd5 Nxd5
9.Qb3 Qb6 10.Bxd5 exd5 11.Be3 Qa5 12.O-O Bxc3 13.bxc3 Nc6 14.Rfd1 Nxd4 15.Rxd4 Be6
16.Qc2 Rac8 17.Rh4 f5 18.Bd4 Rf7 19.Qd2 Qd8 20.a4 a6 21.Rb1 Rc6 22.Be5 Rd7
23.Rhb4 Qe7 24.Qb2 Rc4 25.Rxb7 h6 26.Rb8+ Kh7 27.a5 Bf7 28.Bd4 Bh5 29.f3 Rc6
30.Rb7 Rxb7 31.Qxb7 Rc7 32.Qxa6 Bg6 33.Rb4 Bf7 34.Rb8 f4 35.Rh8+  1-0

[Event "Open"]
[Site "Andorra AND"]
[Date "2001.07.08"]
[Round "9"]
[White "Jimenez Villena,F"]
[Black "Estremera Panos,S"]
[Result "0-1"]
[WhiteElo "2230"]
[BlackElo "2405"]

1.d4 Nf6 2.c4 e6 3.Nc3 Bb4 4.Nf3 c5 5.e3 O-O 6.Bd3 d5 7.O-O cxd4 8.exd4 dxc4
9.Bxc4 b6 10.Qb3 Bxc3 11.bxc3 Nc6 12.Be2 Bb7 13.Bg5 Rc8 14.Rfd1 Na5 15.Qa3 Qc7
16.Bxf6 gxf6 17.c4 Nxc4 18.Bxc4 Qxc4 19.Qe7 Bxf3 20.gxf3 Qc2 21.Kh1 Qf5 22.Rg1+ Kh8
23.Rg3 a5 24.Kg2 e5 25.d5 Rce8 26.Qa3 Rg8 27.Rc1 e4 28.fxe4 Qxe4+ 29.Qf3 f5
30.Rc7 Rxg3+ 31.hxg3 Kg7 32.Rb7 Rd8 33.Rxb6 Rxd5 34.Qxe4 fxe4 35.Rc6 Rd2
36.Kf1 Rxa2 37.g4 Ra4 38.Kg2 Rb4  0-1

[Event "Canadian Open"]
[Site "Sackville CAN"]
[Date "2001.07.12"]
[Round "7"]
[White "Bluvshtein,M"]
[Black "Mulyar,M"]
[Result "1/2-1/2"]
[WhiteElo "2303"]
[BlackElo "2430"]

1.d4 Nf6 2.c4 e6 3.Nc3 Bb4 4.Nf3 c5 5.e3 Bxc3+ 6.bxc3 Nc6 7.Bd3 d6 8.O-O h6
9.e4 e5 10.h3 Bd7 11.Be3 Qc7 12.d5 Ne7 13.Ne1 Ng6 14.Kh2 O-O-O 15.g3 Kb8
16.f4 Rde8 17.f5 Ne7 18.g4 Nc8 19.Kg2 Ref8 20.Qd2 Nb6 21.Nf3 Na4  1/2-1/2

[Event "Zhong Hong Real Estate Cup"]
[Site "Beijing CHN"]
[Date "2001.07.20"]
[Round "1"]
[White "Wu Wenjin"]
[Black "Liang Chong"]
[Result "1/2-1/2"]
[WhiteElo "2560"]
[BlackElo "2556"]

1.d4 Nf6 2.c4 e6 3.Nc3 Bb4 4.Nf3 O-O 5.Bg5 c5 6.Rc1 cxd4 7.Nxd4 Nc6 8.e3 h6
9.Bh4 Be7 10.Be2 d5 11.O-O Qb6 12.Na4 Qa5 13.cxd5 Nxd4 14.Qxd4 Qxd5 15.Qxd5 Nxd5
16.Bxe7 Nxe7 17.Rfd1 Nd5 18.Nc3 Nxc3 19.Rxc3 e5 20.Rc7 Be6 21.a3 b6 22.Kf1 Rfc8
23.Rdc1  1/2-1/2

[Event "3rd Open"]
[Site "Patras GRE"]
[Date "2001.07.21"]
[Round "4"]
[White "Barsov,A"]
[Black "Istratescu,A"]
[Result "1/2-1/2"]
[WhiteElo "2495"]
[BlackElo "2598"]

1.d4 Nf6 2.c4 e6 3.Nc3 Bb4 4.Nf3 b6 5.Qb3 c5 6.Bg5 Bb7 7.O-O-O Bxc3 8.bxc3 h6
9.Bh4 g5 10.Bg3 Ne4 11.d5 d6 12.Qc2 exd5 13.cxd5 Qe7 14.Be5 Nf6 15.Bg3 Ne4
16.Ne5 Nf6  1/2-1/2

[Event "Wilbert Paige Mem"]
[Site "New York USA"]
[Date "2001.07.23"]
[Round "9"]
[White "Solomon,K"]
[Black "Morrison,W"]
[Result "1/2-1/2"]
[WhiteElo "2290"]
[BlackElo "2381"]

1.d4 Nf6 2.c4 e6 3.Nc3 Bb4 4.Nf3 c5 5.g3 O-O 6.Bg2 Ne4 7.Qc2 f5 8.O-O Bxc3
9.bxc3 Qa5 10.Bb2 Qa6 11.Nd2 Nxd2 12.Qxd2 d6 13.dxc5 dxc5 14.Rfd1 Nc6 15.Qd6 Qa5
16.Bxc6 bxc6 17.Qe7 Rb8 18.Ba3 Ba6 19.Rd7 Qxc3 20.Rc1 Qf6 21.Bxc5 Rf7 22.Qd6 Rxd7
23.Qxd7 Qf7 24.Qd6 Re8 25.Qe5 Rd8 26.Bd4 Qd7 27.e3 c5 28.Qxc5 Bb7 29.Qe5 Rc8
30.c5 Rc7 31.c6 Bxc6 32.f3 Rb7 33.Kf2 h6 34.Qxg7+ Qxg7 35.Bxg7 Kxg7 36.Rxc6 Rb2+
37.Kg1 Rxa2 38.Rxe6 a5 39.Ra6 a4 40.h3 a3 41.g4 fxg4 42.hxg4 Ra1+ 43.Kg2 a2
44.e4 Kf7 45.e5 Re1 46.Rxa2 Rxe5 47.f4 Rb5 48.Ra6 Kg7 49.Kg3 Rc5 50.Kh4 Rc1
51.Ra7+ Kf6 52.Ra6+ Kg7 53.Kg3 Rc3+ 54.Kf2 Rb3 55.Kg2 Rc3 56.f5 Rb3 57.Rg6+ Kh7
58.Re6 Kg7 59.Kf2 Ra3 60.Re3 Ra6 61.Kf3 Kf6 62.Kf4 Rb6 63.Rf3 Rb4+ 64.Kg3 Kg5
65.Kh3 h5 66.gxh5 Kxh5 67.Kg3 Kg5 68.Kf2 Rb2+ 69.Ke3 Rb3+  1/2-1/2